Resolución Administrativa 2-13 (Record no. 9567)

MARC details
000 -LEADER
campo de control de longitud fija 00368nam a2200133Ia 4500
001 - NÚMERO DE CONTROL
campo de control 4397
008 - DATOS DE LONGITUD FIJA--INFORMACIÓN GENERAL
campo de control de longitud fija 241024s9999 xx 000 0 und d
082 ## - NÚMERO DE LA CLASIFICACIÓN DECIMAL DEWEY
Número de clasificación RD/344.07/R426r/02-13
100 ## - ENTRADA PRINCIPAL--NOMBRE DE PERSONA
Nombre de persona República Dominicana. Ministerio de Educación
245 #0 - MENCIÓN DEL TÍTULO
Título Resolución Administrativa 2-13
260 ## - PUBLICACIÓN, DISTRIBUCIÓN, ETC.
Nombre del editor, distribuidor, etc. Santo Domingo
Fecha de publicación, distribución, etc. 2013
901 ## - ELEMENTOS DE DATOS A LOCAL LDA (RLIN)
a 7/9/2016 9:16:35 a.m.

No items available.

© 2024. Todos los Derechos Reservados. Desarrollado por IDEICE